Statistiche per Quiz sul Regno Unito

Clicka qui per fare il quiz!

Statistiche generali

  • Questo quiz è stato fatto 54 volte
  • Il punteggio medio è 12 su 20

Statistiche sulle risposte

HintRisposta% Corretto
Capitale dell'InghilterraLondra
98%
Sport nazionaleCalcio
86%
Capitale Del GallesCardiff
86%
Capitale Della ScoziaEdimburgo
86%
Unico paese con cui confinaIrlanda
86%
Capitale Dell'Irlanda del NordBelfast
82%
Forma di governoMonarchia
82%
Attuale sovranoRe Carlo III
80%
Stato più grandeInghilterra
75%
Residenza dei sovraniBuckingham Palace
73%
Mondiali di Calcio vinti dal Regno unito1
68%
Moglie Di Re Carlo IIICamilla
50%
Storico circuito Britannico di Formula 1Silverstone
41%
Anno in cui il Regno Unito fecce adesione all'Unione Europea1973
34%
Padre della Regina Elisabetta IIGiorgio VI
34%
Primo ministroRishi Sunak
34%
Nome dell'alleanza con la Francia e la Russia nella Seconda Guerra MondialeTriplice Intesa
34%
Fiume più lungoSevern
27%
Campione del mondo di Formula 1 nel 2009 con la BrawnJenson Button
23%
Anno in cui fu creato il Regno Unito1707
11%

Distribuzione punteggi

Percentile per numero di risposta

Percentuale di utenti per punteggio

I tuoi punteggi nel tempo

Non hai fatto questo quiz